| 000 | 00511nam a22001817a 4500 | ||
|---|---|---|---|
| 003 | BD-ChCU | ||
| 005 | 20260415094212.0 | ||
| 008 | 260415b bg ||||| |||| 00| 0 ben d | ||
| 040 | _cBD-ChCU | ||
| 082 | _a327.7305 THU | ||
| 100 |
_aThorp , Willard L. _921485 |
||
| 245 |
_aThe United states and the far east ./ _cWilliam L. Thorp. |
||
| 250 | _a2nd ed . | ||
| 260 |
_aEnglewood Cliffs . _bPrentice - hall , _cC 1962 |
||
| 300 | _a188p . | ||
| 650 | 0 |
_aU.S. Foreign Relation . _921487 |
|
| 942 |
_2ddc _cBK _n0 |
||
| 999 |
_c112204 _d112204 |
||